Normal view
MARC view
- Rockmaker, Gordon
Entry Personal Name
001 - CONTROL NUMBER
- control field: 104950
003 - CONTROL NUMBER IDENTIFIER
- control field: NUST
005 - DATE AND TIME OF LATEST TRANSACTION
- control field: 20221215132435.0
008 - FIXED-LENGTH DATA ELEMENTS
- fixed length control field: 221215|| aca||aabn | a|a d
040 ## - CATALOGING SOURCE
- Original cataloging agency: NUST
- Transcribing agency: NUST
100 ## - HEADING--PERSONAL NAME
- Personal name: Rockmaker, Gordon
670 ## - SOURCE DATA FOUND
- Source citation: Work cat.: (NUST)183999: Zbar, Paul B., 74617, Basic electricity :, 1997.
